10 pemimpin yang mengubah dunia

Bibliographic Details
Main Author: Gifford,Clive
Other Authors: Ani Izzuani Mohd Kassim (penterjemah), Cousens,David (Ilustrasi)
Format: Book
Published: Kuala Lumpur : Institut Terjemahan & Buku Malaysia Berhad , 2016
Series:Tokoh pengubah dunia
Subjects:

MARC

LEADER 00000cam a2200000 7i4500
001 0000071627
005 20170322.0
008 170322
020 |a 9789674601546 
020 |a 9789674601706 (set) 
090 0 0 |a BIO   |b MAL 
100 1 |a Gifford,Clive 
245 1 0 |a 10 pemimpin yang mengubah dunia   |c Clive Gifford 
260 |a Kuala Lumpur :   |b Institut Terjemahan & Buku Malaysia Berhad ,   |c 2016 
300 |a 63 p. ;   |c 27.5 cm. 
490 1 |a Tokoh pengubah dunia 
500 |a Children ages 10-12 years old (pink) 
500 |a Includes index 
500 |a Terjemahan daripada 10 leaders who change the world 
541 0 0 |c Purchased on 2016 
650 0 |a Head of state   |x Biography   |x Juvenile literature 
650 0 |a History,modern   |y 20th century   |x Juvenile literature 
700 0 |a Ani Izzuani Mohd Kassim ,   |e penterjemah 
700 1 |a Cousens,David ,   |e Ilustrasi 
999 |a 0001445313   |b Book   |c Children Collection   |e Cawangan Batu Pahat 
999 |a 0001445314   |b Book   |c Children Collection   |e Cawangan Muar 
999 |a 0001445315   |b Book   |c Children Collection   |e Cawangan Taman Sri Lambak 
999 |a 0001445316   |b Book   |c Children Collection   |e Cawangan Segamat 
999 |a 0001445317   |b Book   |c Children Collection   |e Cawangan Pontian 
999 |a 0001445318   |b Book   |c Children Collection   |e Cawangan Kota Tinggi 
999 |a 0001445319   |b Book   |c Children Collection   |e Cawangan Bukit Gambir 
999 |a 0001445320   |b Book   |c Children Collection   |e Cawangan Sri Merlong 
999 |a 0001445321   |b Book   |c Children Collection   |e Cawangan Bandar Tenggara 
999 |a 0001445322   |b Book   |c Children Collection   |e Cawangan Tmn. Ungku Tun Aminah 
999 |a 0001445323   |b Book   |c Children Collection   |e Cawangan Tangkak 
999 |a 0001445324   |b Book   |c Children Collection   |e Cawangan Bandar Penawar 
999 |a 0001445325   |b Book   |c Children Collection   |e Cawangan Mersing 
999 |a 0001445326   |b Book   |c Children Collection   |e Cawangan Taman Universiti 
999 |a 0001445327   |b Book   |c Children Collection   |e Cawangan Taman Universiti 
999 |a 0001445328   |b Book   |c Children Collection   |e Cawangan Taman Universiti 
999 |a 0001445329   |b Book   |c Children Collection   |e Cawangan Taman Universiti 
999 |a 0001446913   |b Book   |c Children Collection   |e Cawangan Sri Merlong 
999 |a 0001448033   |b Book   |c Children Collection   |e Perbadanan Perpustakaan Awam Johor 
999 |a 0001448034   |b Book   |c Children Collection   |e Perbadanan Perpustakaan Awam Johor 
999 |a 0001448035   |b Book   |c Children Collection   |e Cawangan Urban Transformation Centre 
999 |a 0001448036   |b Book   |c Children Collection   |e Cawangan AEON Kulaijaya